00362 2200145 4500245004600000250001100046100002100057650001000078005001900088260005500107041001400162084000800176300002300184336000900207 aHidup Cuma SekalicFreddy H. TulunghText aCet. 1 aFreddy H. Tulung aEtika a20230222093303 aJakartabKementerian Komunikasi dan Informatika RI aIndonesia a170 a150 hlm. :c21 cm. atext